000 00664nam a2200289Ia 4500
005 20260324141331.0
008 008 260324s9999 xx 000 0 eng d
020 _a9780203403440
037 _aEBOOK
040 _aCRL
040 _beng
040 _cCRL
041 _2eng
041 _aeng
084 _qCRL
100 _aJanice J. Gabbert
_91207810
245 0 _aAntigonus II Gonatas
245 2 _bA Political Biography
260 _bTaylor and Francis
260 _c1997
365 _a
365 _b230
856 _uhttp://www.taylorfrancis.com/books/9780203403440
942 _cEBOOK
999 _c1810776
_d1810776